000 00955nam a2200265 a 4500
001 42157
003 BD-RjUL
005 20211209053512.0
008 160609s1991 enkb b 000 0 eng
020 _a0949009865 :
_c$70.00
035 _a(BD-RjUL)42275
040 _aDLC
_cDLC
_beng
041 _aeng
082 0 0 _a956.704422
_220
_bKUW 1991
245 0 4 _aThe Kuwait crisis :
_bbasic documents /
_cedited by E. Lauterpacht ... [et al.].
260 _aCambridge, UK :
_bGrotius Publications,
_c1991.
300 _axvi, 330 p. :
_bmap ;
_c30 cm.
500 _aAt head of title: Research Centre for International Law, University of Cambridge.
504 _aIncludes bibliographical references and index.
650 0 _aPersian Gulf War, 1991
_xDiplomatic history
_xSources.
_9129645
700 1 _aLauterpacht, Elihu.
_9129646
942 _2ddc
_cBK
999 _c42157
_d42157